000
00485nam a2200181Ia 4500
008
100917s9999 xx 000 0 und d
082
_b
16859
100
_a
खाडिलकर कृ. प्र.
245
_a
सत्वपरिक्षा
260
_b
---
_c
1915
300
_a
110
365
_b
0.75
520
_a
नाटक
630
_a
सत्वपरिक्षा
650
_a
नाटक
730
_a
सत्वपरिक्षा
942
_c
BOOK
999
_c
622253
_d
622250